000 00306nam a2200109Ia 4500
005 20251222114416.0
008 251222s1900||||xx |||||||||||||| ||spa||
082 _aDVD0095/J84/1994
245 0 _aViaje a través del universo
264 _bHernández, Marie Juergensen, Kevin W. Bud Hutchins.
942 _cDVD
999 _c2239
_d2239